Statistiques concernant Noms des atouts au tarot avec case jaune

Cliquez ici pour prendre le quiz!

Statistiques générales

  • Ce quiz a été pris 3 fois
  • Le résultat moyen est 9 sur 22

Statistiques - réponses

NuméroNoms% Correct
13L'Arcane sans nom / La Mort
100%
1Le Bateleur
100%
7Le Chariot
67%
4L'Empereur
67%
5Le Pape
67%
3L'Impératrice
67%
11La Force
33%
8La Justice
33%
18La Lune
33%
16La Maison Dieu
33%
6L'Amoureux
33%
2La Papesse
33%
14La Tempérance
33%
22Le Fou
33%
20Le Jugement
33%
21Le Monde
33%
12Le Pendu
33%
9L'Ermite
33%
19Le Soleil
33%
17L'Etoile
33%
10La Roue de Fortune
0%
15Le Diable
0%

Distribution des résultats

Percentile par nombre de réponses

% des personnes avec chaque résultat

Votre développement - résultats

Vous n’avez pas pris ce quiz